000 00341pab a2200145 454500
008 180718b1995 xxu||||| |||| 00| 0 eng d
245 _aFOCUS
_btrade unions.
260 _c1995
300 _ap.586-633
362 _aJan-Mar
650 _aLabour unions - India
650 _aTrade unions - India
773 _aProductivity
909 _a28837
999 _c28837
_d28837